000 00696nam a22002177a 4500
003 OSt
005 20251222100447.0
008 251222b |||||||| |||| 00| 0 eng d
040 _cDCL
041 _aEnglish
082 _a959.101
100 1 _aSīlavaṁsa, Mahā
245 1 4 _aThe Yazawin- Kyaw /
_cby Venerable Mahā Sīlavaṁsa; translated and by Tun Myint Aung.
260 _aYangon :
_bThirigonewai press,
_c2020.
300 _a147 pages :
_c22 cm.
500 _aIncludes references and index.
504 _aIncludes bibliographical references (p. 230-233) and index
651 _aMyanmar
_vHistory
700 0 _aTun Myint Aung
_etranslator
942 _2ddc
_cSHORT TERM
_n0
999 _c2779
_d2779